<?xml version="1.0" encoding="UTF-8"?>
<record
    xmlns:xsi="http://www.w3.org/2001/XMLSchema-instance"
    xsi:schemaLocation="http://www.loc.gov/MARC21/slim http://www.loc.gov/standards/marcxml/schema/MARC21slim.xsd"
    xmlns="http://www.loc.gov/MARC21/slim">

  <leader>01225cam a2200325 a 4500</leader>
  <datafield tag="999" ind1=" " ind2=" ">
    <subfield code="c">23931</subfield>
    <subfield code="d">23931</subfield>
  </datafield>
  <controlfield tag="001">nkc20081745544</controlfield>
  <controlfield tag="005">20250926100544.0</controlfield>
  <controlfield tag="007">ta</controlfield>
  <controlfield tag="008">080318s2008    xr a   e f    000 0 cze  </controlfield>
  <datafield tag="020" ind1=" " ind2=" ">
    <subfield code="a">9788086936079</subfield>
    <subfield code="q">(v&#xE1;z.)</subfield>
  </datafield>
  <datafield tag="035" ind1=" " ind2=" ">
    <subfield code="a">(OCoLC)432991169</subfield>
  </datafield>
  <datafield tag="040" ind1=" " ind2=" ">
    <subfield code="a">KLG001</subfield>
    <subfield code="b">cze</subfield>
    <subfield code="d">BOA001</subfield>
    <subfield code="d">ABA001</subfield>
    <subfield code="c">sk</subfield>
  </datafield>
  <datafield tag="072" ind1=" " ind2="7">
    <subfield code="a">615.8</subfield>
    <subfield code="x">Fyzioterapie. Psychoterapie. Alternativn&#xED; l&#xE9;ka&#x159;stv&#xED;</subfield>
    <subfield code="2">Konspekt</subfield>
  </datafield>
  <datafield tag="080" ind1=" " ind2=" ">
    <subfield code="a">615.362.015.32</subfield>
    <subfield code="2">MRF</subfield>
  </datafield>
  <datafield tag="080" ind1=" " ind2=" ">
    <subfield code="a">615.8-022.214</subfield>
    <subfield code="2">MRF</subfield>
  </datafield>
  <datafield tag="080" ind1=" " ind2=" ">
    <subfield code="a">(035)</subfield>
    <subfield code="2">MRF</subfield>
  </datafield>
  <datafield tag="100" ind1="1" ind2=" ">
    <subfield code="a">&#x10C;ehovsk&#xFD;, Ji&#x159;&#xED;,</subfield>
    <subfield code="d">1947-</subfield>
    <subfield code="4">aut</subfield>
    <subfield code="9">4837</subfield>
  </datafield>
  <datafield tag="245" ind1="1" ind2="0">
    <subfield code="a">Autopatie :</subfield>
    <subfield code="b">cesta k t&#x11B;lesn&#xE9; a du&#x161;evn&#xED; harmonii /</subfield>
    <subfield code="c">Ji&#x159;&#xED; &#x10C;ehovsk&#xFD;</subfield>
  </datafield>
  <datafield tag="246" ind1="1" ind2=" ">
    <subfield code="i">N&#xE1;zev na rubu tit. s.:</subfield>
    <subfield code="a">Autopatie, cesta k t&#x11B;lesn&#xE9; a du&#x161;evn&#xED; harmonii</subfield>
  </datafield>
  <datafield tag="250" ind1=" " ind2=" ">
    <subfield code="a">2., dopl. vyd.</subfield>
  </datafield>
  <datafield tag="260" ind1=" " ind2=" ">
    <subfield code="a">Praha :</subfield>
    <subfield code="b">Alternativa,</subfield>
    <subfield code="c">2008</subfield>
  </datafield>
  <datafield tag="300" ind1=" " ind2=" ">
    <subfield code="a">159 s. :</subfield>
    <subfield code="b">il. ;</subfield>
    <subfield code="c">21 cm</subfield>
  </datafield>
  <datafield tag="650" ind1="0" ind2="7">
    <subfield code="a">autopatie</subfield>
    <subfield code="2">czenas</subfield>
    <subfield code="9">4838</subfield>
  </datafield>
  <datafield tag="650" ind1="0" ind2="7">
    <subfield code="a">autoterapie</subfield>
    <subfield code="2">czenas</subfield>
    <subfield code="9">4839</subfield>
  </datafield>
  <datafield tag="650" ind1="0" ind2="9">
    <subfield code="a">autopathy</subfield>
    <subfield code="2">eczenas</subfield>
    <subfield code="9">4840</subfield>
  </datafield>
  <datafield tag="650" ind1="0" ind2="9">
    <subfield code="a">autotherapy</subfield>
    <subfield code="2">eczenas</subfield>
    <subfield code="9">4841</subfield>
  </datafield>
  <datafield tag="655" ind1=" " ind2="7">
    <subfield code="a">p&#x159;&#xED;ru&#x10D;ky</subfield>
    <subfield code="2">czenas</subfield>
    <subfield code="9">1541</subfield>
  </datafield>
  <datafield tag="655" ind1=" " ind2="9">
    <subfield code="a">handbooks and manuals</subfield>
    <subfield code="2">eczenas</subfield>
    <subfield code="9">4354</subfield>
  </datafield>
  <datafield tag="856" ind1="4" ind2="1">
    <subfield code="u">http://www.digitalniknihovna.cz/mzk/uuid/uuid:4ba4a640-dc21-11e3-b110-005056827e51</subfield>
    <subfield code="y">Digitalizovan&#xFD; dokument</subfield>
  </datafield>
  <datafield tag="952" ind1=" " ind2=" ">
    <subfield code="0">0</subfield>
    <subfield code="1">0</subfield>
    <subfield code="2">udc</subfield>
    <subfield code="4">0</subfield>
    <subfield code="7">0</subfield>
    <subfield code="8">D</subfield>
    <subfield code="a">10000</subfield>
    <subfield code="b">10000</subfield>
    <subfield code="d">2025-09-26</subfield>
    <subfield code="i">22287</subfield>
    <subfield code="o">S1585</subfield>
    <subfield code="p">S1585</subfield>
    <subfield code="r">2025-09-26</subfield>
    <subfield code="w">2025-09-26</subfield>
    <subfield code="y">OLDO</subfield>
  </datafield>
</record>
